Konec filosofie a úkol myšlení : Z něm.orig /

Saved in:
Bibliographic Details
Main Author: Heidegger, Martin (Author)
Format: Book
Language:Czech
Published: Praha : ISE, 1993
Series:Edice: Oikoymenh
Tags: Add Tag
No Tags, Be the first to tag this record!

MARC

LEADER 00000nam a22000003a 4500
001 stu22010
005 20150617225751.3
008 931210s1993----cs------------------cze-d
020 |a 80-85241-41-2 
040 |a STU  |b slo 
041 0 |a cze 
044 |a cs 
080 |a 125 
100 1 |a Heidegger, Martin  |4 aut 
245 1 |a Konec filosofie a úkol myšlení :  |b Z něm.orig /  |c [aut.]Heidegger,Martin 
260 |a Praha :  |b ISE,  |c 1993 
300 |a 54 s 
830 0 |a Edice: Oikoymenh 
996 |b C92328  |c C*92328  |l CCXII  |s P  |a 0  |w stu22010_0001